000 00483nam a22001937a 4500
003 MPLRDC
005 20220104150742.0
008 210129b ||||| |||| 00| 0 eng d
020 _a957-544-770-0
082 _a889 LQXL v.209 c.2
100 _aKATHLEEN MORGAN 著; 李丽珉译
245 _a异形情魇
_c
250 _a初版
260 _a
_b希代书版有限公司
_c1994
300 _b
490 _a柔情系列;209
650 _a
942 _cBK
_o889 LQXL v.209 c.2
999 _c52032
_d52022